Desarrollo urbano, agua potable y vida cotidiana: en la cuerda floja de la sostenibilidad hacia el siglo XXI /
Պահպանված է:
| Հիմնական հեղինակ: | |
|---|---|
| Ձևաչափ: | Տեքստ |
| Խորագրեր: | |
| Ցուցիչներ: |
Ավելացրեք ցուցիչ
Չկան պիտակներ, Եղեք առաջինը, ով նշում է այս գրառումը!
|
MARC
| LEADER | 00000 a a2200000 04500 | ||
|---|---|---|---|
| 001 | 91 | ||
| 003 | |||
| 040 | |||
| 100 | |a Bonilla Bonilla, Luis Vidal | ||
| 245 | |a Desarrollo urbano, agua potable y vida cotidiana: |b en la cuerda floja de la sostenibilidad hacia el siglo XXI / |c Luis Vidal Bonilla Bonilla | ||
| 650 | |a DESARROLLO URBANO | ||
| 650 | |a AGUA POTABLE | ||
| 650 | |a PLANIFICACION URBANA | ||
| 650 | |a OPINION | ||
| 650 | |a AGUA POTABLE | ||
| 773 | |g número 31; páginas 11-31 | ||
| 999 | |c 35248 |d 35248 | ||
| 773 | 0 | |0 18806 |9 2161 |a Universidad Nacional de Costa Rica |d Heredia: C.R.: EUNA |o SIABUC-FICHA 91 |t ABRA |x 14093928 | |
